[Event "Slupsk op"]
[Site "Slupsk"]
[Date "1988.08.09"]
[Round "6"]
[White "Malachowski, Tomasz"]
[Black "Ziegler, Ari"]
[Result "0-1"]
[WhiteElo "2275"]
[BlackElo "2260"]
[PlyCount "90"]
[EventDate "1988.08.04"]
[EventType "swiss"]
[EventRounds "11"]
[EventCountry "POL"]
[SourceTitle "EXT 2015"]
[Source "ChessBase"]
[SourceDate "2014.11.20"]
[SourceVersion "1"]
[SourceVersionDate "2014.11.20"]
[SourceQuality "1"]

1. d4 Nf6 2. c4 e6 3. Nc3 Bb4 4. Nf3 b6 5. e3 Bb7 6. Bd3 Ne4 7. Qc2 f5 8. 0-0 Bxc3 9. bxc3 Qf6 10. Nd2 Nxd2 11. Bxd2 0-0 12. f3 Nc6 13. e4 f4 14. g3 g5 15. Rf2 e5 16. gxf4 gxf4 17. d5 Ne7 18. Qb3 Kh8 19. c5 d6 20. cxb6 axb6 21. Kh1 Rg8 22. Rg1 Rxg1+ 23. Kxg1 Ng6 24. Bf1 Nh4 25. Bh3 Bc8 26. Bxc8 Rxc8 27. Qb5 Rg8+ 28. Kh1 Qg7 29. Qf1 Qd7 30. Be1 Qg7 31. c4 Qg6 32. a4 Qg7 33. a5 bxa5 34. Bxa5 Ra8 35. Rb2 h6 36. Rb5 Kh7 37. Qh3 Qg5 38. c5 Qh5 39. Qg4 Qxg4 40. fxg4 Kg6 41. h3 Nf3 42. Bc3 Ra3 43. Bb2 Re3 44. Kg2 Nd2 45. cxd6 f3+ 0-1

[Event "Warsaw Cup"]
[Site "Warsaw"]
[Date "1987.??.??"]
[Round "5"]
[White "Malachowski, Tomasz"]
[Black "Drzemicki, Dariusz"]
[Result "1-0"]
[WhiteElo "2285"]
[BlackElo "2205"]
[PlyCount "59"]
[EventDate "1987.04.??"]
[EventType "swiss"]
[EventRounds "11"]
[EventCountry "POL"]
[SourceTitle "EXT 2001"]
[Source "ChessBase"]
[SourceDate "2000.11.22"]
[SourceVersion "1"]
[SourceVersionDate "2000.11.22"]
[SourceQuality "1"]

1. d4 d5 2. Nf3 Nf6 3. c4 e6 4. Bg5 c6 5. cxd5 exd5 6. Nc3 Be7 7. Qc2 0-0 8. e3 Nbd7 9. Bd3 Re8 10. 0-0 Nf8 11. Rab1 a5 12. a3 Ng6 13. b4 axb4 14. axb4 b5 15. Rfe1 Bg4 16. Ne5 Nxe5 17. dxe5 Nd7 18. Bxh7+ Kh8 19. Bf4 Ra3 20. h3 Be6 21. Bd3 Nb6 22. Ne2 Bf8 23. Nd4 Bd7 24. Qe2 Qh4 25. e6 fxe6 26. Bg6 Rea8 27. Nf3 Qf6 28. Ne5 Kg8 29. Qh5 Bxb4 30. Rxb4 1-0

[Event "Warsaw Cup"]
[Site "Warsaw"]
[Date "1987.??.??"]
[Round "1"]
[White "Stempin, Pawel"]
[Black "Malachowski, Tomasz"]
[Result "1-0"]
[WhiteElo "2415"]
[BlackElo "2285"]
[PlyCount "57"]
[EventDate "1987.04.??"]
[EventType "swiss"]
[EventRounds "11"]
[EventCountry "POL"]
[SourceTitle "EXT 2001"]
[Source "ChessBase"]
[SourceDate "2000.11.22"]
[SourceVersion "1"]
[SourceVersionDate "2000.11.22"]
[SourceQuality "1"]

1. d4 Nf6 2. Nf3 c5 3. d5 b5 4. Bg5 Ne4 5. Bh4 Qa5+ 6. Nbd2 Bb7 7. a4 Bxd5 8. axb5 Qb6 9. e3 e6 10. c4 Bb7 11. Nxe4 Bxe4 12. Bd3 Qb7 13. Qc2 Bxd3 14. Qxd3 a6 15. 0-0 axb5 16. cxb5 d5 17. e4 d4 18. Ne5 f6 19. Rxa8 Qxa8 20. Qc4 Qxe4 21. Qxe6+ Be7 22. Qc8+ Bd8 23. Nf3 0-0 24. Qxb8 d3 25. Bg3 Ba5 26. Qa7 Bb4 27. b6 d2 28. b7 Qe2 29. Nxd2 1-0